European countries with Coat of arms on their flags - Statistics

General Stats
  • This quiz has been taken 38 times
  • The average score is 11 of 12
Answer Stats
Answer % Correct
Serbia
100%
Slovakia
100%
Slovenia
100%
Andorra
96%
Moldova
96%
Albania
92%
Portugal
92%
Spain
92%
Croatia
88%
Montenegro
88%
Vatican city
84%
San Marino
80%
No matching quizzes found
Score Distribution
Percent of People with Each Score
Percentile by Number Answered
Your Score History
You have not taken this quiz